000 02820nam a2200361 a 4500
001 000035681
003 DO-SdBNP
005 20170922134010.0
008 111108s2009 dr ac 001 0 spa d
020 _a9789945131055
040 _aBPMSU
_bspa
_cBPMSU
082 4 _a335.434
_bF825o
100 1 _aFranco Pichardo, Franklin J.
_41936-2013
245 1 4 _aLos orígenes del socialismo latinoamericano y dominicano :
_bcontribución a su estudio /
_cFranklin Franco Pichardo.
260 _aSanto Domingo :
_bSociedad Editorial Dominicana,
_c2009.
300 _a197 p. :
_bil., retrs. ;
_c23 cm.
504 _aBibliografía: p. 197.
505 0 _gPresentación --
_tGénesis --
_tOrigen del concepto socialismo --
_tSocialismo democrático o socialdemocracia --
_tLa comuna de París --
_tLa emigración europea hacia América --
_tLa influencia de los inmigrantes --
_tEl socialismo latinoamericano I --
_tEl socialismo latinoamericano II --
_tAnarquistas y socialistas --
_tEl argentino Ugarte y el peruano Prada --
_tLa influencia de la Revolución Rusa --
_tRodó en Santo Domingo --
_tJosé Ingenieros --
_tMariátegui --
_tEl salvadoreño Farabundo Martí y su vida ejemplar --
_tRafael Barrett: teórico del socialismo anarquista latinoamericano --
_tLos orígenes del socialismo en República Dominicana --
_tLos refugiados españoles --
_tEl costo del intervencionismo imperialista en Cuba --
_tLos comunistas dominicanos en 1946 --
_tEl tortuoso surgimiento del socialismo venezolano: una lección para la historia --
_tLa "apertura" de la dictadura de Trujillo --
_tLa segunda guerra mundial y sus repercusiones en el seno de los grupos obreros y femeninos --
_tLa segunda guerra mundial y sus repercusiones I --
_tLa segunda guerra mundial y sus repercusiones II --
_tLa guerra fría --
_tLa guerra fría II --
_tLos soviets cubanos --
_tLa guerra fría en Cuba --
_tDe la guerra fría al 26 de julio --
_tLos marxistas dominicanos y la revolución cubana --
_tLos marxistas dominicanos y la revolución cubana II --
_tContradicciones entre Bosch y el "socialdemócrata" Peña Gómez --
_t(De Watergate a Watergulf: La caída del régimen Balaguerista) --
_gBibliografía.
650 4 _aPARTIDOS SOCIALISTAS
_zAMÉRICA LATINA
_xENSAYOS , CONFERENCIAS, ETC.
650 4 _aPENSAMIENTO POLÍTICO Y SOCIAL
650 4 _aSOCIALISMO EN AMÉRICA LATINA
_xENSAYOS , CONFERENCIAS, ETC.
650 4 _aSOCIALISMO EN REPÚBLICA DOMINICANA
650 4 _aSOCIALISMO Y SOCIEDAD
_xENSAYOS , CONFERENCIAS, ETC.
650 4 _aDIARIOS DOMINICANOS
_xSECCIONES, COLUMNAS, ETC.
910 _aValidado. Control de calidad EMS
930 1 _l
_m
_h
_8
_f
_p
_g
_h
942 _2ddc
_cBK
945 _aInventariado, 2017/VM
956 _a
_b
_c
_l
_h
956 _a
_b
_c
_l
_h
956 _a
_b
_c
_l
_h
956 _aVMATEO
_b10
_c20150712
_lBPMSU
_h00151
999 _c7564
_d7564